| 000 | 00608nam a22002297a 4500 | ||
|---|---|---|---|
| 999 |
_c10287 _d10287 |
||
| 001 | 10287 | ||
| 003 | BD-JhCC | ||
| 005 | 20180423121750.0 | ||
| 008 | 180423b xxu||||| |||| 00| 0 eng d | ||
| 035 | _a(BD-JhCC)10287 | ||
| 040 |
_aBD-JhCC _dBD-JhCC |
||
| 041 | _aeng | ||
| 082 |
_a934.924 _bGup 1961 |
||
| 100 | _aGupta, Charu Chandra Das | ||
| 245 |
_aPharpur and Its Monuments / _c Charu Chandra Das Gupta |
||
| 260 |
_aCalcutta : _bFirma K. L. Mukhopadhayay, _c1961. |
||
| 300 |
_a31 p. : _bills; _c20 cm. |
||
| 650 | _aPaharpur Sit | ||
| 651 | _aBangladesh | ||
| 942 |
_2ddc _cREF |
||